000 00654nam a2200265Ia 4500
005 20260121170326.0
008 008 260114s9999 xx 000 0 eng d
020 _a9789811054631
037 _aEBOOK
040 _aCRL
040 _beng
040 _cCRL
041 _2eng
041 _aeng
084 _qCRL
100 _aAkihiko Hokugo, Yuka Kaneko
_91062523
245 0 _aCommunity-Based Reconstruction of Society
260 _bSpringer
260 _bSpringer
260 _c2017
856 _uhttps://link.springer.com/openurl?genre=book&isbn=978-981-10-5463-1
942 _cEBOOK
999 _c1628252
_d1628252